[Event "AUTO-OPEN-3824"]
[Site "http://www.queenalice.com/game.php?id=1520869"]
[Date "2018.3.23"]
[Round "3"]
[White "ringup478689"]
[Black "Alisa"]
[Result "1/2-1/2"]
[WhiteElo "2607"]
[BlackElo "2605"]

1. c4 e5 2. Nc3 Nf6 3. g3 Bb4 4. Bg2 O-O 5. e4 d6 6. Nge2 a5 7. O-O Be6 8. d3
Bc5 9. h3 Nc6 10. Kh2 Nd7 11. b3 Re8 12. Be3 Bxe3 13. fxe3 Ne7 14. d4 Nf6 15.
Qc2 Ng6 16. Rf2 h6 17. Raf1 Nf8 18. Ng1 Ng6 1/2-1/2

[Event "AUTO-OPEN-3824"]
[Site "http://www.queenalice.com/game.php?id=1520870"]
[Date "2018.3.23"]
[Round "3"]
[White "Alisa"]
[Black "ringup478689"]
[Result "1/2-1/2"]
[WhiteElo "2646"]
[BlackElo "2611"]

1. e4 c6 2. d4 d5 3. e5 Bf5 4. Nf3 e6 5. Be2 h6 6. O-O Ne7 7. Nbd2 Nd7 8. Nb3
Ng6 9. Ne1 Ne7 10. f4 a5 11. a4 Be4 12. c3 Qb6 13. Nd2 Bh7 14. Ndf3 h5 15. Nh4
Ng6 16. Nxg6 Bxg6 17. b3 Be7 18. Be3 h4 19. Nd3 Bf5 20. h3 Kf8 21. c4 g6 22. Qd2
Kg7 23. Rfc1 Qd8 24. Bg4 Bxg4 25. hxg4 f5 26. exf6+ Nxf6 27. Nf2 Qd7 28. Qe2
Rhf8 29. Bd2 Rae8 30. c5 Bd8 31. Rc3 Kg8 32. Rf3 Qg7 33. Qe3 b6 34. g5 Nh5 35.
Qc3 bxc5 36. Qxc5 Qb7 37. Qc2 Kg7 38. Rb1 Rf5 39. Nd3 Bb6 40. Be3 Ng3 41. Kh2
Qa8 42. b4 axb4 43. Nxb4 Rf7 44. Nxc6 Bc7 45. Rc1 Rh8 46. Ne5 Bxe5 47. dxe5 Qa6
48. Qb3 Rb7 49. Qa3 Nf5 50. Bf2 Ra8 51. Ra1 d4 52. a5 Rb5 53. Be1 Rc8 54. Qd3
Qc6 55. Bf2 Ra8 56. Rc1 Qb7 57. Bxd4 Rd5 58. Rc4 Kg8 59. Qe4 Raxa5 60. Bf2 Ra1
61. Qc2 Rd8 62. Rc6 Re8 63. Rfc3 Qb1 64. Qxb1 Rxb1 65. Kh3 Rb4 66. Kg4 Rb2 67.
Rf3 Kf7 68. Kh3 Rb1 69. Rd3 Re7 70. Ra3 Rb4 71. Bc5 Rc4 72. Rc8 Rb7 73. Raa8
Rc3+ 74. Kh2 Rc1 75. Rf8+ Kg7 76. Rg8+ Kh7 77. Rh8+ Kg7 78. Rag8+ Kf7 79. Rc8
Kg7 80. Rhe8 Kh7 81. Rh8+ Kg7 82. Rhe8 Kh7 83. Rh8+ Kg7 1/2-1/2

[Event "AUTO-OPEN-3828"]
[Site "http://www.queenalice.com/game.php?id=1525078"]
[Date "2018.4.26"]
[Round "2"]
[White "Driss"]
[Black "ringup478689"]
[Result "0-1"]
[WhiteElo "2070"]
[BlackElo "2603"]

1. e4 c5 2. d4 cxd4 3. Qxd4 Nc6 4. Qd1 Nf6 5. Bd3 d5 6. Qe2 dxe4 7. Bxe4 Nd4 8.
Qd3 Nxe4 9. Qxe4 Bf5 10. Qxb7 Nxc2+ 0-1

[Event "AUTO-OPEN-3828"]
[Site "http://www.queenalice.com/game.php?id=1525079"]
[Date "2018.4.26"]
[Round "2"]
[White "ringup478689"]
[Black "Driss"]
[Result "1-0"]
[WhiteElo "2613"]
[BlackElo "2124"]

1. e4 b6 2. d4 Ba6 3. Bxa6 Nxa6 4. Qe2 Nb4 5. Nf3 a5 6. a3 Na6 7. c4 e6 8. Nc3
c6 9. O-O f6 10. e5 Be7 11. d5 exd5 12. cxd5 fxe5 13. Nxe5 Nf6 14. d6 O-O 15.
Nxc6 Qe8 16. Nxe7+ Kh8 17. Be3 Nc5 18. Bxc5 bxc5 19. Na4 Nd5 20. Nxc5 Rf6 21.
Rfe1 Nf4 22. Qg4 Qf7 23. Rad1 Qc4 24. Nxd7 h5 25. Qf3 Raf8 26. Nxf6 Rxf6 27. d7
1-0

[Event "AUTO-OPEN-3828"]
[Site "http://www.queenalice.com/game.php?id=1525088"]
[Date "2018.4.26"]
[Round "2"]
[White "ringup478689"]
[Black "JailtonMaster"]
[Result "1-0"]
[WhiteElo "2611"]
[BlackElo "1927"]

1. e4 c5 2. Nf3 d6 3. d4 cxd4 4. Nxd4 Nf6 5. Nc3 e5 6. Bb5+ Bd7 7. Bxd7+ Qxd7 8.
Nde2 Be7 9. Bg5 O-O 10. Ng3 Nc6 11. Nf5 h6 12. Bxf6 Bxf6 13. Qg4 Kh7 14. Nxh6
Qxg4 15. Nxg4 Bg5 16. h4 Be7 17. Ne3 Nd4 18. Ncd5 Bd8 19. c3 Ne6 20. Nf5 g6 21.
Nxd6 Nc7 22. Nxb7 Nxd5 23. exd5 Rb8 24. Nxd8 Rfxd8 25. O-O-O 1-0

[Event "AUTO-OPEN-3828"]
[Site "http://www.queenalice.com/game.php?id=1525089"]
[Date "2018.4.26"]
[Round "2"]
[White "JailtonMaster"]
[Black "ringup478689"]
[Result "0-1"]
[WhiteElo "1934"]
[BlackElo "2612"]

1. d4 d5 2. c4 Nc6 3. e3 Nf6 4. Nf3 e6 5. Be2 Bd6 6. O-O O-O 7. Nc3 dxc4 8. Bxc4
a6 9. e4 e5 10. Bg5 h6 11. Bh4 exd4 12. Ne2 g5 13. Bg3 Nxe4 14. Bxd6 Nxd6 15.
Bb3 Nf5 16. Nc1 Qf6 17. Ne2 Rd8 18. Rc1 d3 19. Nc3 Nfd4 20. Nxd4 Nxd4 21. Nd5
Qe5 22. Qxd3 Ne2+ 23. Kh1 Nxc1 24. Ne7+ Qxe7 25. Qg6+ Kf8 26. Qxh6+ Ke8 0-1

[Event "AUTO-OPEN-3828"]
[Site "http://www.queenalice.com/game.php?id=1525090"]
[Date "2018.4.26"]
[Round "2"]
[White "ringup478689"]
[Black "Fauquinelle"]
[Result "1-0"]
[WhiteElo "2606"]
[BlackElo "2000"]

1. e4 c5 2. Nf3 Nc6 3. d4 cxd4 4. Nxd4 Nf6 5. Nc3 d6 6. Bg5 e6 7. Qd2 Be7 8.
O-O-O O-O 9. f4 h6 10. Bh4 e5 11. Nf5 Bxf5 12. exf5 exf4 13. Kb1 d5 14. Bxf6
Bxf6 15. Nxd5 Be5 16. Bc4 Kh8 17. g3 fxg3 18. hxg3 Bxg3 19. f6 Be5 20. Qxh6+
gxh6 21. Rxh6+ Kg8 22. Rg1+ 1-0

[Event "AUTO-OPEN-3828"]
[Site "http://www.queenalice.com/game.php?id=1525091"]
[Date "2018.4.26"]
[Round "2"]
[White "Fauquinelle"]
[Black "ringup478689"]
[Result "0-1"]
[WhiteElo "2008"]
[BlackElo "2602"]

1. d4 Nf6 2. c4 e6 3. g3 d5 4. Bg2 dxc4 5. Qa4+ Nbd7 6. Qxc4 c5 7. Nf3 a6 8.
dxc5 Bxc5 9. O-O b5 10. Qc3 Bb7 11. Be3 Be7 12. b4 Nd5 13. Qd3 Nxb4 14. Nbd2
Nxd3 0-1

[Event "AUTO-OPEN-3828"]
[Site "http://www.queenalice.com/game.php?id=1545339"]
[Date "2018.10.9"]
[Round "3"]
[White "Haso"]
[Black "ringup478689"]
[Result "1/2-1/2"]
[WhiteElo "2446"]
[BlackElo "2614"]

1. e4 e5 2. Nf3 Nc6 3. Bb5 Nf6 4. d3 Bc5 5. c3 O-O 6. O-O d6 7. Nbd2 Ne7 8. d4
exd4 9. cxd4 Bb6 10. Re1 Bg4 11. h3 Bh5 12. a3 a6 13. Ba4 h6 14. Qc2 Bg6 15. Qd1
Bh5 16. Qc2 c6 17. b4 a5 18. b5 Rc8 19. bxc6 Nxc6 20. Qd3 d5 21. e5 Ne4 22. Nxe4
dxe4 23. Rxe4 Bxf3 24. Qxf3 Nxd4 25. Qd3 Qd5 26. Kf1 Rc3 27. Qxc3 Qxe4 28. Be3
Qxe5 29. Rd1 Rd8 30. Bb3 Qf6 31. Ba2 Nf5 32. Rxd8+ Bxd8 33. Qxf6 Nxe3+ 34. fxe3
Bxf6 35. a4 Kf8 36. Ke2 Ke7 37. Kd3 1/2-1/2

[Event "AUTO-OPEN-3828"]
[Site "http://www.queenalice.com/game.php?id=1545340"]
[Date "2018.10.9"]
[Round "3"]
[White "ringup478689"]
[Black "Haso"]
[Result "1/2-1/2"]
[WhiteElo "2611"]
[BlackElo "2433"]

1. e4 c5 2. Nf3 d6 3. d4 cxd4 4. Nxd4 Nf6 5. Nc3 a6 6. g3 e5 7. Nde2 Be7 8. Bg2
b5 9. Nd5 Nbd7 10. Nec3 Nb6 11. Nxf6+ Bxf6 12. b3 O-O 13. Ba3 Be7 14. O-O Qc7
15. Qd3 Be6 16. Nd1 a5 17. Ne3 Rfb8 18. Nf5 b4 19. Nxe7+ Qxe7 20. Bc1 a4 21. Rd1
Nd7 22. Qxd6 Qxd6 23. Rxd6 Rc8 24. Rd2 Rc7 25. h4 axb3 26. cxb3 Bxb3 27. Bh3 Be6
28. Bxe6 fxe6 29. Rb2 Rc4 30. Bd2 Ra4 31. Rab1 Rxe4 32. Bxb4 h6 33. a3 Rc4
1/2-1/2

[Event "Let's Play Chess!"]
[Site "http://www.queenalice.com/game.php?id=1546959"]
[Date "2018.10.25"]
[Round "-"]
[White "ringup478689"]
[Black "igorjava"]
[Result "1-0"]
[WhiteElo "2607"]
[BlackElo "1920"]

1. e4 c5 2. Nf3 d6 3. d4 cxd4 4. Nxd4 Nf6 5. Nc3 h6 6. Be3 e5 7. Bb5+ Bd7 8.
Bxd7+ Qxd7 9. Nde2 Be7 10. Ng3 Nc6 11. O-O O-O 12. Nf5 Ne8 13. f4 Rd8 14. Nd5
Nf6 15. Nfxe7+ Nxe7 16. Nxf6+ gxf6 17. Qh5 Kh7 18. f5 Ng8 19. Rf3 d5 20. Bxh6
Nxh6 21. Rh3 Rh8 22. Qxh6+ 1-0

[Event "Let's Play Chess!"]
[Site "http://www.queenalice.com/game.php?id=1547013"]
[Date "2018.10.25"]
[Round "-"]
[White "ringup478689"]
[Black "ketchuplover"]
[Result "1-0"]
[WhiteElo "2609"]
[BlackElo "1870"]

1. e4 c5 2. Nf3 Nc6 3. Nc3 e6 4. d4 cxd4 5. Nxd4 a6 6. Bf4 Nxd4 7. Qxd4 Ne7 8.
O-O-O Nc6 9. Qe3 e5 10. Bg3 Be7 11. f4 exf4 12. Bxf4 O-O 13. e5 b5 14. Bd3 Bb7
15. Kb1 g6 16. Be4 Rc8 17. h4 Na5 18. Bxb7 Nxb7 19. Nd5 Bc5 20. Qh3 Be7 21. Bg5
Bxg5 22. hxg5 h5 23. g4 Qxg5 24. gxh5 1-0

[Event "c14w1"]
[Site "http://www.queenalice.com/game.php?id=1547122"]
[Date "2018.10.28"]
[Round "-"]
[White "ringup478689"]
[Black "Lamorteoscura77"]
[Result "1-0"]
[WhiteElo "2613"]
[BlackElo "2022"]

1. e4 Nf6 2. e5 Nd5 3. d4 d6 4. Nf3 Bg4 5. exd6 exd6 6. Be2 Be7 7. c4 Nf6 8. h3
Bh5 9. Qb3 b6 10. Be3 O-O 11. Nc3 c6 12. g4 Bg6 13. Nh4 d5 14. cxd5 Nxd5 15.
Nxg6 fxg6 16. Bc4 b5 17. Bxd5+ cxd5 18. O-O Nc6 19. Nxd5 Kh8 20. Qxb5 Qd6 21.
Rac1 Rab8 22. Qxc6 Qxc6 23. Rxc6 Rxb2 24. Nxe7 Rxa2 25. Rfc1 a5 26. Rc8 Rxc8 27.
Rxc8# 1-0

[Event "c14b1"]
[Site "http://www.queenalice.com/game.php?id=1547123"]
[Date "2018.10.28"]
[Round "-"]
[White "Lamorteoscura77"]
[Black "ringup478689"]
[Result "0-1"]
[WhiteElo "1982"]
[BlackElo "2603"]

1. e4 e5 2. Nf3 Nf6 3. Nxe5 d6 4. Nf3 Nxe4 5. Qe2 Qe7 6. d3 Nf6 7. Bg5 Qxe2+ 8.
Bxe2 Be7 9. Nc3 h6 10. Bf4 Nc6 11. O-O-O O-O 12. d4 Bd8 13. h3 Ne7 14. g4 a6 15.
Nd2 b5 16. Bf3 Rb8 17. g5 Ng6 18. Be3 b4 19. Ne2 hxg5 20. Bxg5 Bb7 21. h4 Bxf3
22. Nxf3 Rb5 23. Bxf6 Bxf6 24. h5 Rf5 25. hxg6 Rxf3 26. Ng3 fxg6 27. Ne4 Re8 28.
Rhe1 Kf7 29. Re2 d5 30. Ng3 Rxe2 31. Nxe2 Bg5+ 32. Kb1 Rxf2 33. Nc1 Bxc1 34.
Kxc1 g5 35. Rg1 Kf6 36. a3 bxa3 37. bxa3 Kf5 38. Re1 g4 39. Kd1 g3 40. Re2 Rxe2
41. Kxe2 Ke4 42. c3 a5 0-1

[Event "c7w1"]
[Site "http://www.queenalice.com/game.php?id=1547124"]
[Date "2018.10.25"]
[Round "-"]
[White "ringup478689"]
[Black "Kai30"]
[Result "1-0"]
[WhiteElo "2608"]
[BlackElo "2129"]

1. e4 c5 2. Nf3 Nc6 3. Nc3 d6 4. d4 cxd4 5. Nxd4 Nxd4 6. Qxd4 Bd7 7. f4 Bc6 8.
Be3 Nf6 9. O-O-O Ng4 10. Bg1 e5 11. Qd2 Be7 12. Qe2 Bd7 13. g3 Rc8 14. Nd5 O-O
15. Bh3 Nf6 16. Bxd7 Qxd7 17. fxe5 Nxd5 18. Rxd5 Qe6 19. exd6 Bxd6 20. Bd4 b6
21. Bc3 Rfe8 22. Re1 Qxd5 23. exd5 Rxe2 24. Rxe2 f6 25. Bd4 Bc5 26. Re4 f5 27.
Rf4 g5 28. Rxf5 Bxd4 29. Rxg5+ Kf7 30. Rg4 Rc4 31. Kd1 Rb4 32. a3 Rxb2 33. Rxd4
Rb5 34. c4 Rb3 35. a4 Ra3 36. Kc2 Rxa4 37. Rh4 Kf6 38. Kb3 Ra1 39. Rxh7 a5 40.
Kc2 Ra2+ 41. Kc3 Ke5 42. Rh6 Ra3+ 43. Kb2 Ra4 44. Re6+ Kd4 45. d6 1-0

[Event "c7b1"]
[Site "http://www.queenalice.com/game.php?id=1547125"]
[Date "2018.10.27"]
[Round "-"]
[White "ketchuplover"]
[Black "ringup478689"]
[Result "0-1"]
[WhiteElo "1868"]
[BlackElo "2610"]

1. e4 e5 2. Nf3 Nf6 3. Nc3 Nc6 4. d4 exd4 5. Nxd4 Bb4 6. f3 d5 7. Nxc6 bxc6 8.
exd5 O-O 9. Be2 Nxd5 10. Bd2 Bc5 11. Ne4 Qe7 12. b4 Ne3 13. Bxe3 Bxe3 14. Qd3
Bb6 15. c3 a5 16. Rb1 axb4 17. Rxb4 Rxa2 18. Rxb6 cxb6 19. O-O Ba6 20. Qxa6 Rxa6
21. Bxa6 b5 0-1

[Event "c14b2"]
[Site "http://www.queenalice.com/game.php?id=1550059"]
[Date "2018.11.21"]
[Round "-"]
[White "ringup478689"]
[Black "ClivetheBeard"]
[Result "1/2-1/2"]
[WhiteElo "2614"]
[BlackElo "2715"]

1. e4 c5 2. Nf3 Nc6 3. d4 cxd4 4. Nxd4 e5 5. Nb5 d6 6. N1c3 a6 7. Na3 b5 8. Nd5
Nce7 9. Bg5 f6 10. Be3 Nxd5 11. Qxd5 Rb8 12. Qb3 Bb7 13. Bd3 d5 14. Rd1 Qa5+ 15.
Bd2 Qa4 16. exd5 Qxb3 17. axb3 Bxd5 18. O-O Bc5 19. b4 Bd6 20. b3 Ne7 21. c4 Bc6
22. Nc2 e4 23. Be2 Be5 24. Be3 Kf7 25. Ba7 Rbd8 26. Nd4 bxc4 27. Bxc4+ Bd5 28.
Nc6 Nxc6 29. Rxd5 Kg6 30. Bc5 Nd4 31. Re1 Rxd5 32. Bxd5 Rd8 33. Bxe4+ f5 34. Bd3
Nxb3 35. Bxa6 Nxc5 36. bxc5 Rd5 37. Rc1 Bf4 38. Rc2 Rd1+ 39. Bf1 Rc1 40. Rxc1
Bxc1 41. c6 Bf4 42. Ba6 Kf7 43. Bc8 g6 44. Kf1 Ke7 45. g3 Bc7 46. f4 h5 47. h4
Kd6 48. Kf2 Bb6+ 49. Ke2 1/2-1/2

[Event "c14w2"]
[Site "http://www.queenalice.com/game.php?id=1550064"]
[Date "2018.11.21"]
[Round "-"]
[White "ClivetheBeard"]
[Black "ringup478689"]
[Result "1/2-1/2"]
[WhiteElo "2722"]
[BlackElo "2604"]

1. c4 c5 2. g3 g6 3. d4 cxd4 4. Qxd4 Nf6 5. Bg2 Bg7 6. Nc3 Nc6 7. Qd2 O-O 8. e4
a6 9. Nge2 b5 10. cxb5 axb5 11. Nxb5 Ba6 12. Nbc3 Ng4 13. h3 Nge5 14. O-O Qa5
15. Kh2 e6 16. f4 Nc4 17. Qd1 d5 18. exd5 Rad8 19. f5 exf5 20. Rb1 Rfe8 21. Bg5
Ne3 22. Bxe3 Rxe3 23. Qc1 Bxe2 24. Qxe3 Bxf1 25. Rxf1 Ne5 26. Qe2 h5 27. a4 Nd7
28. Rd1 Nb6 29. Qb5 Qxb5 30. axb5 Nc4 31. Na4 Be5 32. h4 Nd6 33. Nc3 g5 34. hxg5
h4 35. Kh3 hxg3 36. Re1 Re8 37. Bf1 Kg7 38. Kg2 Kg6 39. b6 Kxg5 40. Nb5 Ne4 41.
Bd3 Kf4 42. d6 Rh8 43. d7 Nf2 44. Bc4 Ng4 45. Bxf7 Rh2+ 46. Kg1 Nf2 47. Kf1 Rh1+
48. Ke2 g2 49. Kxf2 Rxe1 50. Kxg2 Rd1 51. Be6 Bb8 52. Nc7 Rd6 53. b4 Ke5 54. Kf3
Kf6 55. Ne8+ Kxe6 56. Nxd6 Kxd7 57. Nxf5 Kc6 58. Ke4 Kxb6 59. Nd4 Bd6 60. b5
1/2-1/2

[Event "c7b2 "]
[Site "http://www.queenalice.com/game.php?id=1550065"]
[Date "2018.11.24"]
[Round "-"]
[White "ringup478689"]
[Black "aledibattista"]
[Result "1-0"]
[WhiteElo "2609"]
[BlackElo "2271"]

1. e4 c5 2. Nf3 d6 3. d4 cxd4 4. Nxd4 Nf6 5. Nc3 g6 6. Be3 Bg7 7. f3 O-O 8. Qd2
Nc6 9. Bc4 Nxd4 10. Bxd4 Be6 11. O-O Bxc4 12. Rfd1 Re8 13. b3 Be6 14. a4 Nd7 15.
Nb5 Bxd4+ 16. Nxd4 Rc8 17. Rab1 Qc7 18. c4 a6 19. Qh6 Nf6 20. Qd2 Qc5 21. Kh1
Red8 22. Rbc1 Bd7 23. Ne2 a5 24. Nf4 Bc6 25. Qe1 b6 26. h3 Qg5 27. Ne2 Nxe4 28.
fxe4 Bxe4 29. Qf2 Rc5 30. Rc3 Rdc8 31. Rg3 Qh4 32. Rxg6+ hxg6 33. Qxh4 Bc2 34.
Rd2 g5 35. Qg3 Bg6 36. Qe3 Kf8 37. Nc3 Rb8 38. Nd5 e6 39. Qc3 e5 40. Qe3 Kg7 41.
Qxg5 e4 42. Qf6+ Kh7 43. Rf2 Re8 44. Rf4 Re5 45. Qxd6 Re6 46. Qf8 1-0

[Event "c7w2"]
[Site "http://www.queenalice.com/game.php?id=1550067"]
[Date "2018.11.29"]
[Round "-"]
[White "ClivetheBeard"]
[Black "ringup478689"]
[Result "1/2-1/2"]
[WhiteElo "2723"]
[BlackElo "2611"]

1. e4 e5 2. Nf3 Nc6 3. d4 exd4 4. Nxd4 Nf6 5. Nc3 Bb4 6. Nxc6 bxc6 7. Bd3 d5 8.
Bd2 Bg4 9. f3 Be6 10. a3 Bc5 11. Qe2 O-O 12. Na4 Bd4 13. Bb4 Re8 14. O-O-O a5
15. Bc5 Be5 16. Qf2 dxe4 17. Bxe4 Nxe4 18. Rxd8 Bf4+ 19. Kb1 Nxf2 20. Rxa8 Rxa8
21. Bxf2 Rd8 22. Nc3 f6 23. Ne4 h5 24. Re1 Bxh2 25. Nxf6+ gxf6 26. Rxe6 Rd1+ 27.
Ka2 Rd2 28. Bh4 Rxg2 29. Rxf6 Rxc2 30. Rf5 Re2 31. f4 Kg7 32. Rxh5 a4 33. Be1
Bxf4 1/2-1/2

[Event "slowc14b7b"]
[Site "http://www.queenalice.com/game.php?id=1570278"]
[Date "2019.5.9"]
[Round "-"]
[White "pickles"]
[Black "ringup478689"]
[Result "0-1"]
[WhiteElo "2559"]
[BlackElo "2607"]

1. e4 e5 2. Nf3 Nc6 3. d4 exd4 4. Nxd4 Nf6 5. Nxc6 bxc6 6. e5 Qe7 7. Qe2 Nd5 8.
c4 Ba6 9. b3 g6 10. f4 d6 11. Qf2 Nf6 12. Ba3 Qe6 13. Be2 dxe5 14. Bxf8 Kxf8 15.
O-O Kg7 16. f5 Qe7 17. Nc3 Rad8 18. Qxa7 Bc8 19. fxg6 hxg6 20. Qe3 e4 21. Rad1
Qe5 22. h3 Rde8 23. a4 Rh4 24. Rf2 Reh8 25. Rdf1 Bxh3 26. Rxf6 Bf5 27. Rxc6 Bd7
28. Ra6 Bc8 29. Rc6 Bb7 30. Rc5 Rh1+ 31. Kf2 Qf6+ 32. Ke1 Rxf1+ 33. Bxf1 Rh1 34.
Kd2 Qxf1 35. Ne2 Kg8 36. Kc3 Qxg2 37. Kb4 Qf3 38. Qd2 Qd3 39. Qxd3 exd3 40. Nc3
Bf3 41. Rxc7 d2 42. a5 d1=Q 43. Nxd1 Rxd1 44. Rc5 Kg7 45. a6 Ra1 46. Ra5 Rxa5
47. Kxa5 g5 0-1

[Event "slowc7b14w"]
[Site "http://www.queenalice.com/game.php?id=1570279"]
[Date "2019.5.10"]
[Round "-"]
[White "ringup478689"]
[Black "E5150"]
[Result "1-0"]
[WhiteElo "2610"]
[BlackElo "2117"]

1. Nf3 e6 2. d4 Nf6 3. c4 Bb4+ 4. Nbd2 b6 5. a3 Bxd2+ 6. Qxd2 Bb7 7. e3 O-O 8.
Be2 Ne4 9. Qc2 Ng5 10. Nd2 Bxg2 11. Rg1 Bb7 12. f4 Nh3 13. Rg3 Nxf4 14. exf4 Nc6
15. Bd3 Nxd4 16. Bxh7+ Kh8 17. Qd3 Qh4 18. Kf1 Qxf4+ 19. Nf3 Qf6 20. Bg5 Qxf3+
21. Rxf3 Nxf3 22. Be7 Rfe8 23. Ke2 Rxe7 24. Be4 d5 25. Bxf3 Rae8 26. Qd4 1-0

[Event "slowc7b14w"]
[Site "http://www.queenalice.com/game.php?id=1570280"]
[Date "2019.5.10"]
[Round "-"]
[White "chikalas"]
[Black "ringup478689"]
[Result "0-1"]
[WhiteElo "1080"]
[BlackElo "2608"]

1. e4 e5 2. f3 Nc6 3. c3 d5 4. Bb5 dxe4 5. fxe4 Qh4+ 6. g3 Qxe4+ 7. Qe2 Qxh1 8.
Bxc6+ bxc6 9. c4 Qxg1+ 10. Qf1 Qxh2 11. d3 Bc5 12. Qf3 Qg1+ 13. Kd2 Bg4 14. Qxg4
Be3+ 15. Kc3 Qxc1+ 16. Kb3 Rb8+ 17. Ka3 Qxb2+ 18. Ka4 Qb4# 0-1

[Event "slowc7b14w"]
[Site "http://www.queenalice.com/game.php?id=1570281"]
[Date "2019.5.10"]
[Round "-"]
[White "chikalas"]
[Black "ringup478689"]
[Result "0-1"]
[WhiteElo "1082"]
[BlackElo "2607"]

1. e4 c5 2. c4 Nc6 3. d3 e6 4. h3 Nf6 5. Nf3 d5 6. cxd5 exd5 7. exd5 Nxd5 8. b3
Bd6 9. Bb2 O-O 10. d4 Re8+ 11. Be2 Nf4 12. Nc3 cxd4 13. Nxd4 Qf6 14. Ncb5 Nxg2+
15. Kf1 Ne3+ 16. Ke1 Bb4+ 17. Bc3 Nxd1 18. Rxd1 Nxd4 19. Bxb4 Rxe2+ 20. Kf1
Qxf2# 0-1